MARC

LEADER 00000nas a22000001a 4500
001 vtls010299739
003 SK-MaSNL
005 20260228163003.0
008 150309d19511962xo wr p r 0 b0slo
040 |a SNK  |b slo  |c SNK  |e AACR2 
041 0 |a slo 
044 |a xo  |c SK 
072 7 |a 656.2  |x Železničná doprava  |2 konspekt 
080 |a 656.2  |2 2001 
080 |a 050  |2 2001 
245 0 0 |a Koľaje  |b závodný časopis zamestnancov EOR ČSD 
260 |a Košice  |b ZR EOR ČSD  |c 1951-1962 
260 2 |3 8/V 1952-9/V 1952  |a Košice  |b ZR ROH Správy Košickej dráhy 
260 2 |3 1953-1/I 1956  |a Košice  |b ZO KSS, ZR ROH, ČSM a vedenie správy Košickej dráhy 
260 2 |3 2/I 1956-1/II 1957  |a Košice  |b Košická dráha - politické odd. ROH - Oblastný výbor Zväzu zamestnancov železníc 
260 2 |3 2/II 1957-20/III 1958  |a Košice  |b Správa košickej dráhy a Drážny výbor OSZ železníc 
260 2 |3 21/III 1958-24/III 1958  |a Košice  |b CZV KSS pri Správe Košickej dráhy, Stranícke uzlové výbory KSS, ZV ROH, ZO ČSM a Správy Košickej dráhy 
260 3 |3 25/III 1958-48/VII 1962  |a Košice  |b CZV KSS pri Správe Košickej dráhy, stranícke uzlové výbory KSS, KV Sväzu zamestnancov dopravy a spojov a Správa Košickej dráhy 
300 |a 10 zv.  |c 43 cm 
310 |a 1x týždenne  |b 1/IV 1959-48/VII 1962 
321 |a 2x mesačne  |b 2/I 1956-26/III 1958 
321 |a 1x mesačne  |b 1951-1/I 1956 
362 0 |a Č. 1 (1951)-roč. VII, č. 48 (1962) 
500 |a Podnázov sa mení 
500 |a Redaktori sa menia 
500 |a Vyd. ZR EOR ČSD, od 8/V (21. okt. 1952) ZR ROH Správy Košickej dráhy, od 1/III (jan. 1953) ZO KSS, ZR ROH, ČSM a vedenie správy Košickej dráhy, od 2/I (10. marca 1956) Košická dráha - politické odd. ROH - Oblastný výbor Zväzu zamestnancov železníc, od 2/II (21. jan. 1957) Správa košickej dráhy a Drážny výbor OSZ železníc, od 21/III (19. okt. 1958) CZV KSS pri Správe Košickej dráhy, Stranícke uzlové výbory KSS, ZV ROH, ZO ČSM a Správy Košickej dráhy, od 25/III (17. dec. 1958) CZV KSS pri Správe Košickej dráhy, Stranícke uzlové výbory KSS, KV Zvůzu zamestnancov dopravy a spojov a Správy Košickej dráhy 
500 |a Časopis v roku 1962 zanikol 
650 0 7 |a železničná doprava  |2 SNKPH  |9 3185 
655 7 |a podnikové časopisy  |2 SNKPH  |9 265225 
770 0 |t Technická príloha časopisu Koľaje 
780 0 0 |t Nove dielo železničiara  |w vtls010301771 
780 0 5 |t Plnou parou  |w vtls001418638 
910 |a snk 
916 |a 1953-1962 
999 |c 8682  |d 10612 
952 |0 0  |1 0  |4 0  |7 0  |a SNK  |b SNK  |d 2003-11-28  |l 0  |o snkČSA 355/3/1953 D1  |p 17A0209482  |r 2005-01-02 00:00:00  |w 2026-02-21  |y PREZ 
952 |0 0  |1 0  |4 0  |7 0  |a SNK  |b SNK  |d 2003-12-01  |f 1  |i snkČSP 566/63  |l 0  |o snkČSA 355/7/1962  |p 17A0402865  |r 2005-01-02 00:00:00  |t č. 1-48  |w 2026-02-21  |y PREZ 
952 |0 0  |1 0  |4 0  |7 0  |a SNK  |b SNK  |d 1999-09-07  |i snkČSP 460/57  |l 0  |o snkČSA 355/1(5)/1956 D1  |p 17A0209470  |r 2005-01-02 00:00:00  |t č. 1-21  |w 2026-02-21  |y PREZ 
952 |0 0  |1 0  |4 0  |7 0  |a SNK  |b SNK  |d 2003-11-28  |f 1  |l 0  |o snkČSA 355/3/1953  |p 17A0402711  |r 2005-01-02 00:00:00  |t č. 1-4   |w 2026-02-21  |y PREZ  |z prírastkové č. sa nedá identifikovať 
952 |0 0  |1 0  |4 0  |7 0  |a SNK  |b SNK  |d 2003-11-28  |f 1  |i snkII. 1065/55  |l 0  |o snkČSA 355/4/1954  |p 17A0402710  |r 2005-01-02 00:00:00  |t č. 1-12  |w 2026-02-21  |y PREZ 
952 |0 0  |1 0  |4 0  |7 0  |a SNK  |b SNK  |d 2003-11-28  |l 0  |o snkČSA 355/4/1954 D1  |p 17A0209483  |r 2005-01-02 00:00:00  |t č. 1-12  |w 2026-02-21  |y PREZ 
952 |0 0  |1 0  |4 0  |7 0  |a SNK  |b SNK  |d 2003-11-28  |f 1  |i snkČSP 914/57  |l 0  |o snkČSA 355/5/1955  |p 17A0402877  |r 2005-01-02 00:00:00  |t č. 1-8  |w 2026-02-21  |y PREZ  |z č. 1-2 sa nachádza 2x vzhľadom k tomu, že v prvom je časť textu zalepená 
952 |0 0  |1 0  |4 0  |7 0  |a SNK  |b SNK  |d 2003-11-28  |l 0  |o snkČSA 355/5/1955 D1  |p 17A0209478  |r 2005-01-02 00:00:00  |t č. 1-8  |w 2026-02-21  |y PREZ 
952 |0 0  |1 0  |4 0  |7 0  |a SNK  |b SNK  |d 2003-11-28  |f 1  |i snkČSP 237/58  |l 0  |o snkČSA 355/2(6)/1957  |p 17A0402359  |r 2005-01-02 00:00:00  |t č. 1-24  |w 2026-02-21  |y PREZ 
952 |0 0  |1 0  |4 0  |7 0  |a SNK  |b SNK  |d 2003-11-28  |i snkČSP 238/58  |l 0  |o snkČSA 355/2(6)/1957 D1  |p 17A0209523  |r 2005-01-02 00:00:00  |t č. 1-24  |w 2026-02-21  |y PREZ 
952 |0 0  |1 0  |4 0  |7 0  |a SNK  |b SNK  |d 2003-11-28  |f 1  |i snkČSP 248/59  |l 0  |o snkČSA 355/3(7)/1958  |p 17A0402925  |r 2005-01-02 00:00:00  |t č. 1-26+mim. č  |w 2026-02-21  |y PREZ 
952 |0 0  |1 0  |4 0  |7 0  |a SNK  |b SNK  |d 2003-11-28  |i snkČSP 249/59  |l 0  |o snkČSA 355/3(7)/1958 D1  |p 17A0209987  |r 2005-01-02 00:00:00  |t č. 1-24+mim. č., neúplné  |w 2026-02-21  |y PREZ  |z chýba č. 25-26 
952 |0 0  |1 0  |4 0  |7 0  |a SNK  |b SNK  |d 2003-12-01  |f 1  |i snkČSP 864/60  |l 0  |o snkČSA 355/4/1959  |p 17A0402815  |r 2005-01-02 00:00:00  |t č. 1-52  |w 2026-02-21  |y PREZ 
952 |0 0  |1 0  |4 0  |7 0  |a SNK  |b SNK  |d 2003-12-01  |i snkČSP 1947/61  |l 0  |o snkČSA 355/4/1959 D1  |p 17A0209993  |r 2005-01-02 00:00:00  |t č. 1-52, neúplné  |w 2026-02-21  |y PREZ  |z chýba č. 14,16 
952 |0 0  |1 0  |4 0  |7 0  |a SNK  |b SNK  |d 2003-12-01  |f 1  |i snkČSP 1752/61  |l 0  |o snkČSA 355/5/1960  |p 17A0402864  |r 2005-01-02 00:00:00  |t č. 1-52+príl.  |w 2026-02-21  |y PREZ  |z príl. Technická príloha časopisu Koľaje 
952 |0 0  |1 0  |4 0  |7 0  |a SNK  |b SNK  |d 2003-12-01  |l 0  |o snkČSA 355/5/1960 D1  |p 17A0209499  |r 2005-01-02 00:00:00  |w 2026-02-21  |y PREZ 
952 |0 0  |1 0  |4 0  |7 0  |a SNK  |b SNK  |d 2003-12-01  |f 1  |i snkČSP 127/62  |l 0  |o snkČSA 355/6/1961  |p 17A0402863  |r 2005-01-02 00:00:00  |t č. 1-52+príl.  |w 2026-02-21  |y PREZ  |z príl. Technická príloha časopisu Koľaje 
952 |0 0  |1 0  |4 0  |7 0  |a SNK  |b SNK  |d 2003-12-01  |l 0  |o snkČSA 355/6/1961 D1  |p 17A0209484  |r 2005-01-02 00:00:00  |t č. 1-52+príl.  |w 2026-02-21  |y PREZ  |z príl. Technická príloha časopisu Koľaje 
952 |0 0  |1 0  |4 0  |7 0  |a SNK  |b SNK  |d 2003-12-01  |i snkČSP 372/64  |l 0  |o snkČSA 355/7/1962 D1  |p 17A0209689  |r 2005-01-02 00:00:00  |t č. 1-48  |w 2026-02-21  |y PREZ 
952 |0 0  |1 0  |4 0  |7 0  |a SNK  |b SNK  |d 2003-11-28  |f 1  |i snkČSP 459/57  |l 0  |o snkČSA 355/1(5)/1956  |p 17A0402874  |r 2005-01-02 00:00:00  |t č. 1-21  |w 2026-02-21  |y PREZ